[Event "16th Dubai Open 2014"]
[Site "Dubai UAE"]
[Date "2014.04.13"]
[Round "7.27"]
[White "Igonin, Temur"]
[Black "Kanter, Eduard"]
[Result "0-1"]
[WhiteElo "2194"]
[BlackElo "2406"]
[PlyCount "44"]
[EventDate "2014.04.07"]

1. e4 c5 2. Nf3 d6 3. d4 cxd4 4. Nxd4 Nf6 5. Nc3 g6 6. Be3 Bg7 7. f3 O-O 8. Qd2
Nc6 9. O-O-O d5 10. exd5 Nxd5 11. Nxc6 bxc6 12. Bd4 Bxd4 13. Qxd4 Qc7 14. Na4
Rb8 15. a3 Rd8 16. Nc5 e5 17. Qf2 Qb6 18. Nd3 Qa5 19. Nxe5 Rxb2 20. Kxb2 Qc3+
21. Kb1 Qxa3 22. Rd3 Nc3+ 0-1

[Event "16th Dubai Open 2014"]
[Site "Dubai UAE"]
[Date "2014.04.13"]
[Round "7.28"]
[White "Das, Sayantan"]
[Black "Makropoulou, Marina"]
[Result "1-0"]
[WhiteElo "2371"]
[BlackElo "2201"]
[PlyCount "67"]
[EventDate "2014.04.07"]

1. e4 c5 2. Nf3 e6 3. c4 Nc6 4. Nc3 a6 5. a3 d6 6. d4 cxd4 7. Nxd4 Nxd4 8. Qxd4
Ne7 9. Be3 Nc6 10. Qd2 Be7 11. f4 O-O 12. Bd3 Bh4+ 13. g3 Bf6 14. O-O Bd4 15.
Ne2 Bxe3+ 16. Qxe3 Qc7 17. Rac1 b6 18. Nc3 Rb8 19. b4 Re8 20. Bb1 b5 21. c5
dxc5 22. Qxc5 Bb7 23. e5 Rbd8 24. Ne4 Rd5 25. Qf2 Red8 26. Nd6 R8xd6 27. exd6
Qxd6 28. Be4 Nd4 29. Rfd1 f5 30. Bg2 Nb3 31. Rxd5 Bxd5 32. Rd1 a5 33. Bxd5 exd5
34. Qf3 1-0

[Event "16th Dubai Open 2014"]
[Site "Dubai UAE"]
[Date "2014.04.13"]
[Round "7.29"]
[White "Siva, Mahadevan"]
[Black "Ravi, Teja S"]
[Result "0-1"]
[WhiteElo "2105"]
[BlackElo "2354"]
[PlyCount "98"]
[EventDate "2014.04.07"]

1. e4 c6 2. d4 d5 3. Nd2 dxe4 4. Nxe4 Bf5 5. Ng3 Bg6 6. h4 h6 7. Nf3 Nf6 8. Ne5
Bh7 9. Bd3 Bxd3 10. Qxd3 e6 11. Bd2 Nbd7 12. f4 c5 13. O-O-O cxd4 14. Qxd4 Nxe5
15. Qxe5 Bd6 16. Qb5+ Qd7 17. Qxd7+ Nxd7 18. Nh5 Nf6 19. Bc3 O-O-O 20. Nxf6
Bxf4+ 21. Kb1 gxf6 22. Bxf6 Rxd1+ 23. Rxd1 Rg8 24. a3 Kc7 25. Rd4 e5 26. Rd5
Re8 27. c4 Re6 28. Bd8+ Kc6 29. Ba5 Bg3 30. Bd2 Bxh4 31. Be3 b6 32. b4 Bg5 33.
b5+ Kc7 34. Bf2 Rd6 35. Rxd6 Kxd6 36. Kc2 e4 37. a4 f5 38. Bd4 f4 39. Kd1 f3
40. gxf3 exf3 41. Ke1 Bh4+ 42. Kd2 Bg3 43. Ke3 Be5 44. c5+ bxc5 45. Bxe5+ Kxe5
46. a5 Kd6 47. Kxf3 Kc7 48. Kf4 h5 49. Kg5 c4 0-1

[Event "16th Dubai Open 2014"]
[Site "Dubai UAE"]
[Date "2014.04.13"]
[Round "7.30"]
[White "Mastrovasilis, Athanasios"]
[Black "Nishant, Malhotra"]
[Result "1-0"]
[WhiteElo "2535"]
[BlackElo "2118"]
[PlyCount "97"]
[EventDate "2014.04.07"]

1. Nf3 Nf6 2. g3 g6 3. b4 Bg7 4. Bb2 b6 5. Bg2 Bb7 6. O-O O-O 7. d3 d5 8. Nbd2
Nbd7 9. c4 c5 10. bxc5 Nxc5 11. d4 Nce4 12. Nxe4 Nxe4 13. Nd2 Nxd2 14. Qxd2 Qd7
15. cxd5 Bxd5 16. e4 Bb7 17. d5 Rfd8 18. Bxg7 Kxg7 19. Qb2+ Kg8 20. Rfd1 Rac8
21. h4 h5 22. Qa3 Ba8 23. Rac1 Qb7 24. Kh2 a5 25. Bh3 Rxc1 26. Rxc1 e6 27. dxe6
Qxe4 28. Qe7 Rf8 29. exf7+ Kg7 30. Qxe4 Bxe4 31. Be6 Kf6 32. Bb3 a4 33. Bc4 b5
34. Bxb5 Bd5 35. Bc4 Bxf7 36. Bxf7 Rxf7 37. Rc4 Ra7 38. a3 Ra5 39. Kg2 g5 40.
hxg5+ Kxg5 41. Kh3 Kh6 42. Kh4 Rf5 43. f4 Ra5 44. Re4 Rc5 45. Rxa4 Rc3 46. Ra5
Kg6 47. a4 Ra3 48. Rg5+ Kf6 49. a5 1-0

[Event "16th Dubai Open 2014"]
[Site "Dubai UAE"]
[Date "2014.04.13"]
[Round "7.31"]
[White "Vakhidov, Jahongir"]
[Black "Khalafova, Narmin"]
[Result "1-0"]
[WhiteElo "2472"]
[BlackElo "2160"]
[PlyCount "69"]
[EventDate "2014.04.07"]

1. b3 e5 2. Bb2 Nc6 3. e3 Nf6 4. Bb5 Bd6 5. Na3 a6 6. Bxc6 dxc6 7. Nc4 Qe7 8.
Ne2 O-O 9. O-O e4 10. Nxd6 cxd6 11. f3 exf3 12. Rxf3 Ng4 13. h3 Ne5 14. Rf1 Qg5
15. Nf4 Bd7 16. Qh5 Qxh5 17. Nxh5 f6 18. Ba3 Rfd8 19. g4 Be6 20. Bb2 c5 21. d4
Nd7 22. Rad1 Bf7 23. Ng3 Nb6 24. Nf5 Bg6 25. c4 Bxf5 26. Rxf5 Re8 27. dxc5 dxc5
28. g5 Rxe3 29. Rd6 Nc8 30. Rd8+ Kf7 31. gxf6 g6 32. Rxc5 Nb6 33. Rc7+ Ke6 34.
Rxa8 Nxa8 35. Re7+ 1-0

[Event "16th Dubai Open 2014"]
[Site "Dubai UAE"]
[Date "2014.04.13"]
[Round "7.32"]
[White "Swapnil, S. Dhopade"]
[Black "Fries, Frederik"]
[Result "1-0"]
[WhiteElo "2438"]
[BlackElo "2154"]
[PlyCount "119"]
[EventDate "2014.04.07"]

1. d4 d5 2. c4 c6 3. Nf3 Nf6 4. Nbd2 Bf5 5. Nh4 Be4 6. Qb3 Qb6 7. c5 Qc7 8. f3
Bg6 9. e4 e6 10. e5 Nfd7 11. f4 Be7 12. Nxg6 hxg6 13. Qa4 b6 14. cxb6 Qxb6 15.
Nb3 O-O 16. Bd2 c5 17. Ba5 Qb7 18. Qb5 Qxb5 19. Bxb5 c4 20. Nd2 Rc8 21. Ke2 Nc6
22. Bc3 a6 23. Ba4 Nb6 24. Bc2 a5 25. a4 Nb4 26. Bb1 Kf8 27. h4 Ke8 28. h5 gxh5
29. Rxh5 f5 30. exf6 Bxf6 31. f5 Ke7 32. fxe6 Nc6 33. Nf3 Rh8 34. Rxh8 Rxh8 35.
Bf5 Nc8 36. Re1 Nd6 37. Bc2 Kxe6 38. Kf2+ Ne4+ 39. Bxe4 dxe4 40. Rxe4+ Kd5 41.
Rf4 Rh1 42. Rf5+ Ke4 43. Rc5 Ne7 44. Rxa5 Rc1 45. Ke2 Nf5 46. Nd2+ Kf4 47. Nxc4
Rc2+ 48. Nd2 Rc1 49. Kd3 Rg1 50. Nc4 Ng3 51. Bd2+ Kg4 52. Ne3+ Kh4 53. d5 Bxb2
54. d6 Bf6 55. d7 Ra1 56. Nc2 Rb1 57. Ra8 Rb3+ 58. Kc4 Rb2 59. Rh8+ Kg4 60.
Ne3+ 1-0

[Event "16th Dubai Open 2014"]
[Site "Dubai UAE"]
[Date "2014.04.13"]
[Round "7.33"]
[White "Ekdyshman, Mikhail"]
[Black "Derakhshani, Dorsa"]
[Result "1-0"]
[WhiteElo "2365"]
[BlackElo "2154"]
[PlyCount "73"]
[EventDate "2014.04.07"]

1. Nc3 d5 2. d4 Nf6 3. Bg5 Nbd7 4. Nf3 h6 5. Bf4 c6 6. e3 Qb6 7. Rb1 g6 8. Bd3
Bg7 9. h3 O-O 10. b4 Re8 11. Bh2 Nh7 12. Na4 Qd8 13. Nc5 Ng5 14. Nxg5 Nxc5 15.
Nf3 Ne4 16. Bxe4 dxe4 17. Ne5 Bf5 18. O-O f6 19. Nc4 Qd5 20. Na5 b6 21. c4 Qd7
22. Nb3 Be6 23. Qc2 f5 24. a4 Bf7 25. Rfd1 Rac8 26. Rbc1 g5 27. Qe2 Rf8 28. b5
Bg6 29. Be5 Bxe5 30. dxe5 Qe6 31. Nd4 Qxe5 32. Nxc6 Qe6 33. Rd5 Rc7 34. Qb2 Qf7
35. Qe5 e6 36. Nd8 Qh7 37. Nxe6 1-0

[Event "16th Dubai Open 2014"]
[Site "Dubai UAE"]
[Date "2014.04.13"]
[Round "7.34"]
[White "Nadir, Samir"]
[Black "Krishna, C.R.G."]
[Result "0-1"]
[WhiteElo "2133"]
[BlackElo "2343"]
[PlyCount "50"]
[EventDate "2014.04.07"]

1. d4 d5 2. Nf3 Nf6 3. Bf4 c5 4. e3 Nc6 5. c3 Qb6 6. Qb3 c4 7. Qc2 Bf5 8. Qc1
h6 9. Nbd2 Rc8 10. Be2 e6 11. O-O Be7 12. h3 O-O 13. b3 cxb3 14. axb3 Nb4 15.
c4 Nd3 16. Bxd3 Bxd3 17. c5 Qb5 18. Rxa7 Ra8 19. Rxa8 Rxa8 20. Re1 Ra2 21. Qc3
Qa6 22. Ne5 Bf5 23. c6 bxc6 24. Nxc6 Bf8 25. Nf3 Ne4 0-1

[Event "16th Dubai Open 2014"]
[Site "Dubai UAE"]
[Date "2014.04.13"]
[Round "7.35"]
[White "Isaev, Jamshed"]
[Black "Mona, Khaled"]
[Result "1-0"]
[WhiteElo "2331"]
[BlackElo "2140"]
[PlyCount "145"]
[EventDate "2014.04.07"]

1. e4 e5 2. Nf3 Nc6 3. Bb5 Nge7 4. Nc3 d6 5. d4 Bd7 6. Be3 Ng6 7. h4 Nxd4 8.
Bxd7+ Qxd7 9. Nxd4 exd4 10. Qxd4 Ne5 11. O-O-O Nc6 12. Qa4 a6 13. h5 O-O-O 14.
Nd5 h6 15. Qc4 Kb8 16. f3 g5 17. hxg6 fxg6 18. Nf4 Qe8 19. Qe6 Ne5 20. Bd4 Qxe6
21. Nxe6 Re8 22. Nxf8 Rexf8 23. Bxe5 dxe5 24. Rd7 h5 25. Rhd1 h4 26. Re7 h3 27.
gxh3 Rxh3 28. Rdd7 Rc8 29. Rf7 Rh2 30. b3 b6 31. Rde7 Rh5 32. Kd2 Rg5 33. a4
Rg2+ 34. Kc3 Rg5 35. Kc4 Rh5 36. c3 Rg5 37. b4 Rh5 38. a5 b5+ 39. Kc5 Kb7 40.
Rf6 Rh1 41. Rxe5 Rc1 42. Kd4 Rd1+ 43. Ke3 Rcd8 44. Rd5 R8xd5 45. exd5 Rxd5 46.
Rxg6 Re5+ 47. Kd4 Re1 48. f4 Rd1+ 49. Ke3 Rc1 50. Kd3 Rf1 51. Rf6 Rf3+ 52. Kd4
Kc8 53. c4 Rb3 54. Rxa6 Rxb4 55. Rc6 Ra4 56. Rc5 Rxa5 57. Rxb5 Ra1 58. Re5 Kd7
59. Ke4 Ra6 60. Kf5 Rh6 61. Kg5 Ra6 62. f5 Rb6 63. f6 Rb1 64. f7 Rf1 65. Rf5
Rxf5+ 66. Kxf5 Ke7 67. Kg6 Kf8 68. Kf6 c6 69. Ke6 c5 70. Kd6 Kxf7 71. Kxc5 Ke7
72. Kc6 Kd8 73. Kb7 1-0

[Event "16th Dubai Open 2014"]
[Site "Dubai UAE"]
[Date "2014.04.13"]
[Round "7.36"]
[White "Mohannad, Farhan"]
[Black "Nimmy, A.G."]
[Result "1-0"]
[WhiteElo "2313"]
[BlackElo "2116"]
[PlyCount "107"]
[EventDate "2014.04.07"]

1. d4 d5 2. c4 c6 3. Nf3 Nf6 4. Qc2 Bg4 5. Ne5 Bh5 6. Bf4 e6 7. e3 dxc4 8. Bxc4
Nd5 9. Bg3 Nd7 10. O-O Nxe5 11. Bxe5 Bg6 12. Qe2 Nb6 13. Bb3 Bd6 14. Bxd6 Qxd6
15. Nc3 O-O 16. Rad1 a5 17. a3 a4 18. Ba2 Nd5 19. Nb1 Nf6 20. Nd2 c5 21. Nc4
Qc7 22. dxc5 Qxc5 23. Nd6 Ne4 24. Qc4 Qxc4 25. Nxc4 Nc5 26. Ne5 Rfd8 27. Nxg6
hxg6 28. Bc4 Kf8 29. f3 Ke7 30. Kf2 g5 31. Ke2 Rac8 32. Rxd8 Rxd8 33. Rd1 Rh8
34. h3 b5 35. Ba2 Rd8 36. Rxd8 Kxd8 37. Kd2 Kd7 38. Kc3 Kc6 39. Kd4 Kd6 40. f4
gxf4 41. exf4 Nd7 42. Kc3 Kc5 43. g4 Nf6 44. Kd3 Ne8 45. h4 Nf6 46. g5 Nh5 47.
f5 g6 48. fxg6 fxg6 49. Ke3 Ng7 50. Bb1 Kc4 51. Bxg6 Kb3 52. h5 b4 53. h6 Kxb2
54. axb4 1-0

[Event "16th Dubai Open 2014"]
[Site "Dubai UAE"]
[Date "2014.04.13"]
[Round "7.37"]
[White "Partac, Elena"]
[Black "Schneider, Veronika"]
[Result "1-0"]
[WhiteElo "2101"]
[BlackElo "2307"]
[PlyCount "129"]
[EventDate "2014.04.07"]

1. e4 c5 2. Nc3 a6 3. a4 Nc6 4. f4 e6 5. Nf3 d6 6. d3 Nf6 7. Be2 Be7 8. O-O O-O
9. Qe1 Rb8 10. Bd1 b5 11. axb5 axb5 12. e5 Ne8 13. Ne4 d5 14. Ng3 g6 15. Be3 b4
16. Qf2 Qb6 17. Kh1 Ba6 18. b3 Nc7 19. h3 Nb5 20. f5 f6 21. exf6 Rxf6 22. Bg5
Rff8 23. Bh6 exf5 24. Bxf8 Rxf8 25. Qe3 Bc8 26. Qh6 Bf6 27. Ng5 Qc7 28. Bf3 Nc3
29. Ra8 Nd4 30. Re1 Qg7 31. Qxg7+ Bxg7 32. Ne2 Nxf3 33. Nxf3 Bd7 34. Rxf8+ Kxf8
35. Nxc3 Bxc3 36. Re2 Bb5 37. Ng5 c4 38. dxc4 dxc4 39. Ne6+ Kf7 40. Nc7 Bc6 41.
bxc4 Be4 42. Nd5 Ke6 43. Nxc3 bxc3 44. Re3 Ke5 45. Rxc3 Kd4 46. Ra3 Kxc4 47.
Ra7 Bxc2 48. Rxh7 Kd4 49. Rg7 f4 50. Kg1 Ke3 51. Re7+ Be4 52. Re8 Kd4 53. Kf2
Kd5 54. Re7 Kd4 55. g3 fxg3+ 56. Kxg3 Bf5 57. h4 Kd5 58. Kf4 Kd6 59. Re1 Bc2
60. Kg5 Kd7 61. Kf6 Kd6 62. Rg1 Kd7 63. Rxg6 Ke8 64. Rg8+ Kd7 65. h5 1-0

[Event "16th Dubai Open 2014"]
[Site "Dubai UAE"]
[Date "2014.04.13"]
[Round "7.38"]
[White "Deshpande, Aniruddha"]
[Black "Abo-Hazeem, Mohanned"]
[Result "1-0"]
[WhiteElo "2287"]
[BlackElo "2058"]
[PlyCount "97"]
[EventDate "2014.04.07"]

1. e4 c5 2. c3 g6 3. d4 cxd4 4. cxd4 d5 5. e5 Bg7 6. Nc3 Nc6 7. h3 Nh6 8. g4
O-O 9. Bg2 e6 10. Be3 f6 11. exf6 Qxf6 12. g5 Qf5 13. gxh6 Bxh6 14. Nf3 Bxe3
15. fxe3 b6 16. O-O Ba6 17. Rf2 Rf6 18. Qa4 Bb7 19. Raf1 Qh5 20. Ne2 Raf8 21.
Ne5 Rxf2 22. Rxf2 Rxf2 23. Kxf2 Qf5+ 24. Kg1 Nxe5 25. dxe5 Qxe5 26. Qe8+ Kg7
27. Qe7+ Kh6 28. Qxb7 Qxe3+ 29. Kf1 Qe5 30. Qf7 Qxb2 31. Qf8+ Qg7 32. Qxg7+
Kxg7 33. Nd4 Kf6 34. Nc6 a5 35. Kf2 Kf5 36. a4 Kf4 37. Bf3 g5 38. Ne7 d4 39.
Nc8 e5 40. Nxb6 e4 41. Bg4 e3+ 42. Ke2 Ke4 43. Bf3+ Kf4 44. Bb7 h5 45. Nc4 g4
46. hxg4 hxg4 47. Nxa5 g3 48. Nc4 Kf5 49. a5 1-0

[Event "16th Dubai Open 2014"]
[Site "Dubai UAE"]
[Date "2014.04.13"]
[Round "7.39"]
[White "Al-Hadarani, Hatim"]
[Black "Alattar, Rakan"]
[Result "1-0"]
[WhiteElo "2249"]
[BlackElo "2059"]
[PlyCount "97"]
[EventDate "2014.04.07"]

1. c4 Nf6 2. Nc3 g6 3. g3 Bg7 4. Bg2 O-O 5. Nf3 d6 6. O-O Nbd7 7. Rb1 c5 8. a3
Nb6 9. d3 d5 10. cxd5 Nbxd5 11. Bd2 b6 12. Qa4 Bb7 13. Qh4 Re8 14. Rfd1 Rb8 15.
e4 Nc7 16. Bf4 Nh5 17. Be3 Ne6 18. Ne2 Qc7 19. b4 Bc8 20. e5 Bxe5 21. Nxe5 Qxe5
22. bxc5 bxc5 23. Rxb8 Qxb8 24. Bc6 Rd8 25. Qxe7 Ba6 26. Be4 Re8 27. Qd7 Nf6
28. Qa4 Nxe4 29. Qxa6 Qb3 30. Rc1 N4g5 31. Qc6 Rd8 32. Bxg5 Nxg5 33. Qf6 Ne6
34. Nf4 Re8 35. Re1 Qxa3 36. Nxe6 Rxe6 37. Rxe6 fxe6 38. Qxe6+ Kg7 39. Qe7+ Kg8
40. Qd8+ Kg7 41. Kg2 a5 42. Qe7+ Kg8 43. d4 Qd3 44. Qe6+ Kg7 45. dxc5 Qc3 46.
c6 Qc5 47. Qd7+ Kh6 48. c7 Qc4 49. c8=Q 1-0

[Event "16th Dubai Open 2014"]
[Site "Dubai UAE"]
[Date "2014.04.14"]
[Round "8.1"]
[White "Edouard, Romain"]
[Black "Ismagambetov, Anuar"]
[Result "1-0"]
[WhiteElo "2670"]
[BlackElo "2493"]
[PlyCount "61"]
[EventDate "2014.04.07"]

1. d4 Nf6 2. c4 e6 3. Nc3 c5 4. d5 exd5 5. cxd5 d6 6. e4 g6 7. f4 Bg7 8. Bb5+
Nfd7 9. Nf3 O-O 10. O-O a6 11. Bd3 b5 12. Kh1 c4 13. Bc2 Nc5 14. f5 Nbd7 15.
Bg5 Bf6 16. Qd2 Ra7 17. b4 Nd3 18. Bxf6 Qxf6 19. Bxd3 cxd3 20. Qxd3 Rc7 21. Ne2
Ne5 22. Nxe5 Qxe5 23. Nd4 Rc4 24. Rad1 Re8 25. fxg6 hxg6 26. Qf3 Rf8 27. Nc6
Qxe4 28. Qg3 Rc2 29. Rd4 Qe2 30. Rdf4 Rd2 31. Qg5 1-0

[Event "16th Dubai Open 2014"]
[Site "Dubai UAE"]
[Date "2014.04.14"]
[Round "8.2"]
[White "Gupta, Abhijeet"]
[Black "Bogner, Sebastian"]
[Result "1-0"]
[WhiteElo "2630"]
[BlackElo "2587"]
[PlyCount "85"]
[EventDate "2014.04.07"]

1. d4 d5 2. c4 c6 3. Nf3 Nf6 4. Nc3 a6 5. e3 Bf5 6. Ne5 Nbd7 7. Qb3 Qc7 8. cxd5
Nxe5 9. dxe5 Nxd5 10. Nxd5 cxd5 11. Bd2 e6 12. Rc1 Qd7 13. Be2 Be7 14. Ba5 Rc8
15. Rxc8+ Qxc8 16. Kd2 O-O 17. Rc1 Qa8 18. Qc3 h6 19. a3 f6 20. Bb4 d4 21. exd4
Bxb4 22. Qxb4 fxe5 23. g4 Bg6 24. Qd6 exd4 25. Rc7 b5 26. Qxe6+ Bf7 27. Qf5 Qd5
28. Bd3 Qxf5 29. Bxf5 Bc4 30. f3 h5 31. h3 h4 32. Be4 Bf1 33. Rc5 Rf6 34. g5
Rf4 35. g6 Bxh3 36. Re5 Bd7 37. Re7 Rxe4 38. Rxe4 h3 39. Rxd4 Be8 40. Rh4 Bd7
41. Ke3 Kf8 42. Kf4 Ke7 43. Kg5 1-0

[Event "16th Dubai Open 2014"]
[Site "Dubai UAE"]
[Date "2014.04.14"]
[Round "8.4"]
[White "Balogh, Csaba"]
[Black "Brkic, Ante"]
[Result "1/2-1/2"]
[WhiteElo "2656"]
[BlackElo "2568"]
[PlyCount "116"]
[EventDate "2014.04.07"]

1. e4 c5 2. Nf3 d6 3. d4 cxd4 4. Qxd4 Nf6 5. Bb5+ Bd7 6. c4 g6 7. Nc3 Bg7 8.
O-O O-O 9. Qd3 a6 10. Bxd7 Nbxd7 11. Bd2 Qb8 12. a4 Nc5 13. Qc2 Rc8 14. Rac1 b6
15. Rfe1 Qb7 16. h3 Rd8 17. b3 Rac8 18. Qb1 e6 19. Bg5 h6 20. Bh4 g5 21. Bg3 d5
22. exd5 exd5 23. cxd5 Nxd5 24. Ne4 Nxe4 25. Qxe4 Rxc1 26. Rxc1 Qd7 27. Qc4 b5
28. axb5 axb5 29. Qc5 Bf8 30. Qc2 Nb4 31. Qe2 Qd3 32. Qe5 Qxb3 33. Qxb5 Rd1+
34. Rxd1 Qxd1+ 35. Kh2 Qd5 36. Qe8 Nc6 37. h4 gxh4 38. Nxh4 Qe6 39. Qa8 Ne5 40.
Bxe5 Qxe5+ 41. g3 Qe2 42. Kg2 Qe5 43. Qf3 Qe6 44. Nf5 Qe5 45. Ne3 Qe6 46. Nd5
Bg7 47. Nf4 Qf5 48. g4 Qe5 49. Nh5 Bf8 50. Ng3 Qe6 51. Nf5 Qe5 52. Qa8 h5 53.
Qf3 hxg4 54. Qxg4+ Bg7 55. Nh6+ Kh7 56. Nxf7 Qd5+ 57. Qf3 Qxf3+ 58. Kxf3 Bd4
1/2-1/2

[Event "16th Dubai Open 2014"]
[Site "Dubai UAE"]
[Date "2014.04.14"]
[Round "8.5"]
[White "Jones, Gawain C B"]
[Black "Kotsur, Pavel"]
[Result "1-0"]
[WhiteElo "2650"]
[BlackElo "2557"]
[PlyCount "105"]
[EventDate "2014.04.07"]

1. e4 c5 2. Nf3 d6 3. Bb5+ Nd7 4. O-O a6 5. Bd3 e6 6. c3 Ne7 7. Bc2 d5 8. exd5
Nxd5 9. d4 cxd4 10. Nxd4 g6 11. Re1 Nc7 12. Bf4 Nf6 13. Qf3 Ncd5 14. Bg5 Be7
15. Ba4+ Bd7 16. Bxd7+ Qxd7 17. c4 h6 18. Bh4 Nf4 19. Qxf4 g5 20. Qe5 gxh4 21.
Nc3 O-O-O 22. Nf5 Ng4 23. Nxe7+ Qxe7 24. Qf4 Rhg8 25. Nd5 Qc5 26. b4 Nxf2 27.
bxc5 Nh3+ 28. Kf1 Nxf4 29. Nxf4 Rd4 30. Nh3 Rxc4 31. Rac1 Rgg4 32. Nf2 Rxc1 33.
Rxc1 Ra4 34. Rc2 Kc7 35. h3 f5 36. Re2 Kc6 37. Rxe6+ Kxc5 38. Nd3+ Kd4 39. Nc1
Kc3 40. Rb6 Kc2 41. Ne2 Rxa2 42. Rxb7 a5 43. Ke1 Ra1+ 44. Kf2 a4 45. Ke3 a3 46.
Nd4+ Kd1 47. Rb3 f4+ 48. Kd3 Kc1 49. Rb6 Kd1 50. Rb3 Kc1 51. Rb4 Kd1 52. Nc2
Rc1 53. Rxf4 1-0

[Event "16th Dubai Open 2014"]
[Site "Dubai UAE"]
[Date "2014.04.14"]
[Round "8.6"]
[White "Stojanovic, Mihajlo"]
[Black "Kuzubov, Yuriy"]
[Result "0-1"]
[WhiteElo "2568"]
[BlackElo "2639"]
[PlyCount "140"]
[EventDate "2014.04.07"]

1. Nf3 g6 2. d4 Nf6 3. c4 Bg7 4. Nc3 d5 5. Bf4 O-O 6. e3 c5 7. dxc5 Qa5 8. Rc1
Ne4 9. Be5 Bxe5 10. Nxe5 Nc6 11. Nxc6 bxc6 12. cxd5 Nxc3 13. Rxc3 Rb8 14. Qd2
Rd8 15. Rb3 Qxd2+ 16. Kxd2 Rxd5+ 17. Kc3 Rxb3+ 18. axb3 Rd1 19. g3 Rc1+ 20. Kb4
Be6 21. Bg2 a5+ 22. Kxa5 Rxc5+ 23. Kb4 Rc2 24. Ka3 c5 25. Rf1 f5 26. Bc6 g5 27.
e4 f4 28. gxf4 gxf4 29. h4 Bh3 30. Rg1+ Kf7 31. f3 e5 32. Rg5 Kf6 33. Rh5 Rf2
34. Rxh7 Rxf3 35. Bd5 Rd3 36. Rf7+ Kg6 37. Rf8 f3 38. h5+ Kg7 39. Rg8+ Kh7 40.
Rf8 Bg4 41. Ka4 Rxd5 42. exd5 e4 43. Rf4 e3 44. Rxg4 f2 45. Rf4 e2 46. Rxf2
e1=Q 47. Rf4 Qa1+ 48. Kb5 Qxb2 49. Kxc5 Qxb3 50. d6 Qb7 51. Rd4 Qd7 52. Re4
Qa7+ 53. Kd5 Qb7+ 54. Kd4 Kh6 55. Re7 Qb5 56. Re6+ Kg7 57. h6+ Kh7 58. Ke4 Kg8
59. Rf6 Qc5 60. Re6 Qa5 61. Rf6 Qg5 62. Re6 Qd2 63. Rf6 Qa2 64. Ke5 Qe2+ 65.
Kf4 Kh7 66. Rf7+ Kg6 67. Rg7+ Kxh6 68. Re7 Qb5 69. Rc7 Qd5 70. Rd7 Qg5+ 0-1

[Event "16th Dubai Open 2014"]
[Site "Dubai UAE"]
[Date "2014.04.14"]
[Round "8.7"]
[White "Amin, Bassem"]
[Black "Ghaem Maghami, Ehsan"]
[Result "1/2-1/2"]
[WhiteElo "2637"]
[BlackElo "2556"]
[PlyCount "88"]
[EventDate "2014.04.07"]

1. Nf3 c5 2. g3 Nc6 3. Bg2 g6 4. O-O Bg7 5. d3 d6 6. a3 e5 7. c4 Nge7 8. Nc3
O-O 9. Bd2 a6 10. Ne1 Rb8 11. Nc2 b5 12. cxb5 axb5 13. b4 Be6 14. bxc5 dxc5 15.
Rb1 c4 16. Nxb5 cxd3 17. exd3 Ba2 18. Rb2 Bd5 19. Bxd5 Qxd5 20. a4 Rfd8 21. Nb4
Nxb4 22. Bxb4 Nc6 23. Bc3 Qxd3 24. Qxd3 Rxd3 25. Rc1 Rd5 26. Nc7 Rc5 27. Rxb8+
Nxb8 28. Bd2 Rxc1+ 29. Bxc1 Nc6 30. Bd2 Bf6 31. Nb5 Bd8 32. Nd6 Kf8 33. Nb7 Bc7
34. a5 Ke7 35. a6 Bb6 36. Kg2 Nb8 37. Bb4+ Kd7 38. Bc5 Kc6 39. Bxb6 Kxb6 40.
Nd6 f6 41. Kf3 Nxa6 42. Ne4 f5 43. Nf6 Nc5 44. Nxh7 Ne6 1/2-1/2

[Event "16th Dubai Open 2014"]
[Site "Dubai UAE"]
[Date "2014.04.14"]
[Round "8.8"]
[White "Dizdar, Goran"]
[Black "Iturrizaga Bonelli, Eduardo"]
[Result "0-1"]
[WhiteElo "2513"]
[BlackElo "2635"]
[PlyCount "92"]
[EventDate "2014.04.07"]

1. Nf3 Nf6 2. c4 c5 3. Nc3 g6 4. g3 b6 5. Bg2 Bb7 6. O-O Bg7 7. d4 Ne4 8. Nxe4
Bxe4 9. d5 O-O 10. Bh3 Bxf3 11. exf3 e6 12. Rb1 Na6 13. Qa4 Nc7 14. dxe6 Nxe6
15. f4 Qc7 16. Be3 Rad8 17. Bg2 Rfe8 18. Rfd1 Nd4 19. Bxd4 Bxd4 20. Qc2 Qd6 21.
Re1 Qf6 22. Re2 Rxe2 23. Qxe2 Kf8 24. b3 Re8 25. Qd3 g5 26. Qd2 Bc3 27. fxg5
Qg6 28. Qd1 Re1+ 29. Qxe1 Bxe1 30. Rxe1 Qc2 31. Bd5 Qxa2 32. Re3 b5 33. Rf3
bxc4 34. Rxf7+ Ke8 35. bxc4 a5 36. h4 a4 37. Kg2 Qb1 38. Rf3 Qb2 39. Bf7+ Ke7
40. Bg8 a3 41. Re3+ Kd8 42. Rxa3 Qxa3 43. Bxh7 Qa8+ 44. Kh3 d5 45. g6 Qb7 46.
Bg8 dxc4 0-1

[Event "16th Dubai Open 2014"]
[Site "Dubai UAE"]
[Date "2014.04.14"]
[Round "8.9"]
[White "Andriasian, Zaven"]
[Black "Petrosian, Tigran L"]
[Result "1/2-1/2"]
[WhiteElo "2603"]
[BlackElo "2627"]
[PlyCount "62"]
[EventDate "2014.04.07"]

1. d4 d5 2. c4 c6 3. Nc3 Nf6 4. cxd5 cxd5 5. Nf3 Nc6 6. Bf4 Bf5 7. e3 e6 8. Bd3
Bxd3 9. Qxd3 Bd6 10. Bxd6 Qxd6 11. O-O O-O 12. Rfc1 Rfc8 13. h3 h6 14. Ne2 Ne7
15. Rxc8+ Rxc8 16. Rc1 Rxc1+ 17. Nxc1 Qc7 18. Ne2 Nc8 19. Qc3 Qxc3 20. Nxc3 Nd7
21. Kf1 Kf8 22. Ke2 Ke7 23. Nd2 Nd6 24. Kd3 f5 25. f3 Nb6 26. b3 a6 27. a4 a5
28. g4 g6 29. Ne2 Kf6 30. Ng3 Ke7 31. f4 Kf7 1/2-1/2

[Event "16th Dubai Open 2014"]
[Site "Dubai UAE"]
[Date "2014.04.14"]
[Round "8.10"]
[White "Rakhmanov, Aleksandr"]
[Black "Rahman, Ziaur"]
[Result "1-0"]
[WhiteElo "2610"]
[BlackElo "2513"]
[PlyCount "103"]
[EventDate "2014.04.07"]

1. e4 c5 2. Nf3 e6 3. c3 Nf6 4. e5 Nd5 5. g3 Nc6 6. Bg2 d6 7. exd6 Bxd6 8. d4
O-O 9. O-O Nde7 10. dxc5 Bxc5 11. Qe2 Ng6 12. h4 Qc7 13. h5 Nge5 14. Nxe5 Qxe5
15. Qf3 Qf6 16. Qxf6 gxf6 17. Nd2 Bd7 18. Ne4 Be7 19. Be3 Rad8 20. Nc5 Bc8 21.
b4 f5 22. a4 Rd6 23. a5 Bf6 24. b5 Nd8 25. Na4 Bd7 26. Rab1 a6 27. c4 axb5 28.
cxb5 Bd4 29. Rfd1 e5 30. Nc5 Bc8 31. Bxd4 exd4 32. Rb4 b6 33. axb6 Rxb6 34.
Rdxd4 Ne6 35. Nxe6 fxe6 36. Bc6 Kg7 37. Ra4 Kh6 38. Ra7 Rh8 39. Rd6 Rb8 40. Kg2
Kxh5 41. b6 Kg5 42. b7 Bxb7 43. Rxb7 Rxb7 44. Bxb7 Kf6 45. Rc6 Rd8 46. Bc8 Re8
47. f4 Kf7 48. Kh3 Kf6 49. Kh4 h6 50. Rxe6+ Rxe6 51. Bxe6 Kxe6 52. Kh5 1-0

[Event "16th Dubai Open 2014"]
[Site "Dubai UAE"]
[Date "2014.04.14"]
[Round "8.11"]
[White "Kostenko, Petr"]
[Black "Stevic, Hrvoje"]
[Result "0-1"]
[WhiteElo "2506"]
[BlackElo "2607"]
[PlyCount "68"]
[EventDate "2014.04.07"]

1. c4 e5 2. g3 d6 3. Nc3 f5 4. d4 c6 5. dxe5 dxe5 6. Qxd8+ Kxd8 7. Nf3 Bd6 8.
Bg5+ Kc7 9. c5 Bxc5 10. Nxe5 Be6 11. Rc1 Nd7 12. Nd3 Be7 13. Bf4+ Kd8 14. Bh3
g5 15. Be3 Ke8 16. Bg2 Bf6 17. Bd2 Ne7 18. b3 Kf7 19. f4 g4 20. e4 Bd4 21. h3
h5 22. e5 h4 23. hxg4 hxg3 24. gxf5 Nxf5 25. Ne4 Rxh1+ 26. Bxh1 Rh8 27. Bf3 Bd5
28. Bc3 Rh2 29. Nd6+ Nxd6 30. Bxd5+ cxd5 31. Bxd4 Nf5 32. Bxa7 Rxa2 33. Rc7 Ke6
34. Rxb7 d4 0-1

[Event "16th Dubai Open 2014"]
[Site "Dubai UAE"]
[Date "2014.04.14"]
[Round "8.12"]
[White "Solak, Dragan"]
[Black "Georgiadis, Nico"]
[Result "1-0"]
[WhiteElo "2635"]
[BlackElo "2421"]
[PlyCount "115"]
[EventDate "2014.04.07"]

1. e4 e5 2. Nf3 Nc6 3. Bb5 Nf6 4. d3 Bc5 5. Bxc6 dxc6 6. O-O Qe7 7. h3 O-O 8.
Nbd2 b5 9. Re1 a5 10. a4 h6 11. Nf1 Nd7 12. Bd2 b4 13. Ng3 Re8 14. Nf5 Qf6 15.
Nh2 Nf8 16. Qf3 Nh7 17. Ng4 Qg6 18. Be3 Bf8 19. Bd2 h5 20. Nge3 Qf6 21. Nc4 g6
22. Qg3 Kh8 23. Nh4 c5 24. Nf3 Bd6 25. Ng5 Nxg5 26. Bxg5 Qe6 27. f4 exf4 28.
Bxf4 Bxf4 29. Qxf4 Re7 30. Rf1 Qd7 31. Qg5 Ba6 32. Qxc5 Bxc4 33. Qxc4 Kg7 34.
Rf2 Qe6 35. Qd4+ Qe5 36. Qxe5+ Rxe5 37. Raf1 Rf8 38. Rf4 Rc5 39. R1f2 f6 40.
Kf1 Rc6 41. e5 f5 42. Rd4 Kf7 43. Rd5 Ra8 44. Ke1 Ke6 45. Rb5 Rca6 46. Rf4 c6
47. Rc5 Rc8 48. Rd4 g5 49. Rd6+ Ke7 50. Ke2 h4 51. Rg6 g4 52. hxg4 fxg4 53.
Rxg4 Rh8 54. Rg7+ Ke6 55. Rg6+ Kf5 56. Rf6+ Kg4 57. Rc4+ Kg3 58. Kf1 1-0